Sharks by Picture - Statistics

General Stats
  • This quiz has been taken 218 times
  • The average score is 13 of 32
Answer Stats
Picture Answer % Correct
Great White Shark
99%
Whale Shark
79%
Basking Shark
70%
Shortfin Mako
70%
Thresher Shark
67%
Blue Shark
63%
Blacktip Reef Shark
61%
Goblin Shark
60%
Tiger Shark
56%
Lemon Shark
54%
Wobbegong
53%
Megalodon
51%
Great Hammerhead Shark
48%
Whitetip Reef Shark
40%
Cookiecutter Shark
39%
Sawfish
37%
Scalloped Hammerhead Shark
37%
Sand Tiger Shark
35%
Zebra Shark
33%
Tawny Nurse Shark
29%
Port Jackson Shark
27%
Oceanic Whitetip Shark
26%
Cat Shark
22%
Silvertip Shark
21%
Bull Shark
20%
Dogfish
19%
Sandbar Shark
17%
Grey Reef Shark
16%
Silky Shark
14%
Smooth Hammerhead Shark
11%
Bizant River Shark
6%
Crested Bullhead Shark
6%
No matching quizzes found
Score Distribution
Percent of People with Each Score
Percentile by Number Answered
Your Score History
You have not taken this quiz